Doing business with : Brazil.
| Format: | Book |
|---|---|
| Published: |
Rio de Janeiro:
Confederacao Nacional da Industrial,
1997.
|
| Subjects: |
| LEADER | 00448cam a2200157 7i4500 | ||
|---|---|---|---|
| 001 | 0000006463 | ||
| 005 | 19991025090000.0 | ||
| 002 | ##000008152 | ||
| 020 | 0 | 0 | |a T000006210 |
| 090 | 0 | 0 | |a BRAZ 338.7 |b DOI |
| 245 | 0 | 0 | |a Doing business with : |b Brazil. |
| 260 | 0 | 0 | |a Rio de Janeiro: |b Confederacao Nacional da Industrial, |c 1997. |
| 300 | 0 | 0 | |a 53p.. |
| 650 | 0 | 0 | |a Business -- |z Brazil |
| 651 | 0 | 0 | |a Brazil |
| 999 | |a 0000009357 |b Book |c Open shelf |e Business Information Centre | ||